Crónicas de un difícil consenso /

El autor señala que el 6 de agosto de 1987 se abrió, con la firma del pan de paz 'Esquipulas II', una nueva etapa en las arduas negociaciones para encontrar una solución a la crisis centroamericana. En sí, la firma del plan no estuvo exenta de dificultades y obstáculos. Así, el plan Wright...

Πλήρης περιγραφή

Αποθηκεύτηκε σε:
Λεπτομέρειες βιβλιογραφικής εγγραφής
Κύριος συγγραφέας: López, Gilberto
Μορφή: Κείμενο
Θέματα:
Ετικέτες: Προσθήκη ετικέτας
Δεν υπάρχουν, Καταχωρήστε ετικέτα πρώτοι!

MARC

LEADER 00000 a a2200000 04500
001 12089
003
040
100 |a López, Gilberto  
245 |a Crónicas de un difícil consenso /  |c Gilberto López 
520 |a El autor señala que el 6 de agosto de 1987 se abrió, con la firma del pan de paz 'Esquipulas II', una nueva etapa en las arduas negociaciones para encontrar una solución a la crisis centroamericana. En sí, la firma del plan no estuvo exenta de dificultades y obstáculos. Así, el plan Wright-Reagan, presentado un día antes de la celebración de la cumbre de Esquipulas II, precisamente tenía ese objetivo: entorpecer un posible consenso entre los mandatarios centroamericanos, lo cual no llegó a materializarse, y con la firma del documento 'Procedimientos para establecer una paz firme y duradera en Centroamérica' la concertación regional se ponía en marcha. HBQ/eb  
650 |a PLANES DE PAZ  
650 |a PROBLEMAS POLITICOS  
650 |a RELACIONES EXTERIORES  
650 |a FRENTE SANDINISTA DE LIBERACION NACIONAL, NI  
650 |a CONTRARREVOLUCION  
650 |a NEUTRALIDAD  
773 |g número 45; páginas 3-7  
999 |c 20427  |d 20427